Loading...
| DM | 0 | 2 | 0 | 2 | 20 | 121 | 123.00 | 0 | 2 | 0.00 | 0.00 |
| RR | 0 | 2 | 0 | 0 | 20 | 75 | 109.00 | 0 | 2 | 0.00 | 0.00 |
| AG | 0 | 2 | 1 | 1 | 15 | 105 | 114.00 | 1 | 2 | 0.00 | 0.00 |
| TR | 0 | 1 | 1 | 1 | 5 | 132 | 132.00 | 0 | 1 | 0.00 | 0.00 |
| BB | 0 | 2 | 3 | 1 | 5 | 123 | 125.00 | 0 | 2 | 0.00 | 0.00 |
| RC | 0 | 0 | 0 | 0 | 0 | 0.00 | 0 | 0 | 0.00 | 0.00 | |
| AW> | 0 | 0 | 0 | 0 | 0 | 0.00 | 0 | 0 | 0.00 | 0.00 | |
| MB | 0 | 0 | 1 | 0 | -5 | 0.00 | 0 | 0 | 0.00 | 0.00 | |
| MV | 0 | 0 | 1 | 0 | -5 | 0.00 | 0 | 0 | 0.00 | 0.00 | |
| AW | 0 | 0 | 1 | 0 | -5 | 0.00 | 0 | 0 | 0.00 | 0.00 |
| AG | “Portrait of a Lady” | -5 | 35 |
| RR | facial recognition | 10 | 75 |
| AW | branches | -5 | 87 |
| BB | water | -5 | 98 |
| BB | birds | -5 | 104 |
| MB | Sophus Lie | -5 | 104 |
| AG | mountain climbing | 10 | 105 |
| BB | coexistence | 0 | 121 |
| DM | the federation of Australia | 10 | 121 |
| RC | Giambologna | 0 | 122 |